02339nam a22003377a 4500008004400000020001800044082001800062100002000080245023500100246007100335250001800406260004300424300004500467505110000512653002501612653001901637653002101656653002401677653001601701653002001717653003801737653001401775653004701789700002401836700002501860700002601885700002401911700002001935700002001955700002601975170812s2017 sz||||| |||| 00| 0 fre d a978294056316604a701.03bP418p1 aPensa, Iolanda.10aPublic art in Africa :bart and urban transformations in Douala /cIolanda Pensa, Marta Pucciarelli, Fiona Siegenthaler, Marilyn Douala Bell, Kamiel Verschuren, Xandra Nibbeling, Lucas Grandin, Asta Adukaite y Maud de la Chapelle.21aPublic art in Africa :bart et transformations urbanes à Douala. a1a edición. aGinebra, Suiza :bMetisPresses,c2017. a236 páginas :bilustraciones en color.0 tForewordrMarilyn Douala Bell.tForeword/SUD2017 "A place for the human dimension?"rCécile Bourne-Farrell.tIntroduction / The oeuvre in progress: the SUDrIolanda Pensa.tDuoal'art 1991-2017.tThe poestic of the infra-ordinary, the aesthetic of recognition in contemporary African artrElvira Dyangani Ose.tSalon Urbain de Douala (SUD)rSimon Njami.tDoual'art, pioneers of the encounter between art and street rMamadou Jean-Charles Tall.tDoual'art, what`s next?rBerend van der Lans.tDoual'art, an agent for public art in Cameroon and in AfricarMichel Moukouri Edeme.tEke out artrChristian Hanussek.tDoual'art: the importance of beaujolais and equity in intercultural relations and cooperation /rYves-Jaques Cabasso.tWhen the imagined city overwhelms the artrElsa Burzynski.tThe color of menrKoko Komégné.tHumanising the cityrHervé Yamguen.tThe palaver treerFrédéric Keiff.tThe arches of time, urban signage of the historical sites of the city of DoualarSandrine Dole.tDoual'art - Artistic intervention, a vision and a passion for a better worldrPeter Anders.10aArte contemporáneo10aArte público10aArte - África 10aCatálogo de obras10aArte urbano10aArte y sociedad10aProgramas culturales comunitarios10aUrbanismo10aOrganizaciones artísticas independientes1 aPucciarelli, Marta.1 aSiegenthaler, Fiona.1 aDouala Bell, Marilyn.1 aVerschuren, Kamiel.1 aGrandin, Lucas.1 aAdukaite, Asta.1 aChapelle, Maud de la.